000 00591cam a22002291 4500
001 sa 64006066
003 DLC
005 20260227112037.0
008 890710s1962 ii 000 0 sano
010 _asa 64006066
035 _a(OCoLC)19987363
040 _aDLC
_cWaU
_dDLC
042 _apremarc
050 0 0 _aPK3791.B4
_bP3
100 0 _aBhāsa,
_csupposed author.
245 1 0 _aPañcarātram.
260 _c[1962]
300 _aiii, 54 p.
_c19 cm.
500 _aSanskrit text in Telugu script.
500 _aA play.
700 1 _aKr̥ṣṇamūrti, Kambhampāṭi Rāmagōpāla.
999 _c59512
_d59512